[Event "XVII Open B"]
[Site "Crema ITA"]
[Date "2016.09.02"]
[Round "1"]
[White "Annicchiarico, Luigi"]
[Black "Scarpellini, Felice"]
[WhiteElo "1804"]
[BlackElo "1652"]
[Result "1-0"]
[PlyCount "101"]
[EventDate "2016.09.02"]

1. d4 Nf6 2. c4 e6 3. Nf3 d5 4. Nc3 b6 5. Bg5 Be7 6. cxd5 exd5 7. e3 O-O 8. Qc2
Bb7 9. Bd3 h6 10. Bh4 Nbd7 11. O-O c5 12. Rac1 Ne4 13. Nxd5 Bxd5 14. Bxe4 Bxe4
15. Qxe4 Nf6 16. Qd3 cxd4 17. Nxd4 Bc5 18. Rfd1 Qd6 19. Nb3 Qe5 20. Nxc5 bxc5
21. Qc3 Qe6 22. Bxf6 gxf6 23. Qc4 Qe5 24. Qc3 Rfe8 25. Qxe5 Rxe5 26. Rd6 Kg7
27. Rc6 Rb8 28. Rc2 Rd5 29. Kf1 Rb5 30. Ra6 Rb7 31. Ra4 Kg6 32. Ke2 f5 33. g3
f6 34. b3 Rbd7 35. Rac4 R5d6 36. Rxc5 Ra6 37. Rc6 Ra3 38. Kf3 Rd5 39. Re6 Rda5
40. Rcc6 Rxa2 41. Rxf6+ Kg7 42. Rg6+ Kf7 43. Rxh6 Rd2 44. Ra6 Rc5 45. Rxa7+ Kg8
46. Rb6 Rc8 47. Rbb7 Rb2 48. b4 Kh8 49. b5 Kg8 50. b6 Kh8 51. Rc7 1-0

[Event "XVII Open B"]
[Site "Crema ITA"]
[Date "2016.09.02"]
[Round "1"]
[White "Avathanshu, Bhat"]
[Black "Tiraboschi, Nicolo'"]
[WhiteElo "1293"]
[BlackElo "1723"]
[Result "0-1"]
[PlyCount "105"]
[EventDate "2016.09.02"]

1. e4 c5 2. Nf3 d6 3. d4 cxd4 4. Nxd4 Nf6 5. Nc3 a6 6. Be2 e5 7. Nb3 Be7 8. Be3
O-O 9. O-O Qc7 10. a4 Be6 11. a5 Nbd7 12. f4 Rac8 13. f5 Bc4 14. Bxc4 Qxc4 15.
Qd3 Rfd8 16. Ra4 Qxd3 17. cxd3 Nc5 18. Bxc5 dxc5 19. Rd1 c4 20. Rxc4 Rxc4 21.
dxc4 Rxd1+ 22. Nxd1 Nxe4 23. Nc3 Nxc3 24. bxc3 g6 25. fxg6 hxg6 26. Kf2 f5 27.
Ke3 Kf7 28. h3 Kf6 29. Nd2 Bc5+ 30. Ke2 e4 31. Nb3 Bd6 32. Nd2 Ke5 33. Ke3 Bc5+
34. Ke2 Kf4 35. Nf1 Be7 36. g3+ Kg5 37. Nd2 Bd6 38. Kf2 Be5 39. Nb3 Bxc3 40. c5
Kf6 41. Ke3 Ke5 42. Ke2 Kd5 43. Ke3 Be5 44. g4 f4+ 45. Kd2 g5 46. Ke2 Bc3 47.
Kf2 Kc4 48. Nc1 Bxa5 49. Ke2 Bc7 50. Na2 Kb3 51. Nc1+ Kc2 52. Na2 a5 53. Ke1
0-1

[Event "XVII Open B"]
[Site "Crema ITA"]
[Date "2016.09.02"]
[Round "1"]
[White "Biava, Pierluigi"]
[Black "Bisaro, Andrea"]
[WhiteElo "1653"]
[BlackElo "1808"]
[Result "1-0"]
[PlyCount "87"]
[EventDate "2016.09.02"]

1. g3 d5 2. Bg2 Nf6 3. d3 Bf5 4. Nd2 c6 5. b3 Nbd7 6. Bb2 e6 7. e3 Bd6 8. Ne2
O-O 9. h3 a5 10. g4 Bg6 11. Nf3 a4 12. Nh4 a3 13. Bc3 Ne4 14. Nxg6 Nxc3 15.
Nxc3 fxg6 16. O-O Be5 17. d4 Bc7 18. Ne2 e5 19. c3 Qe7 20. Rc1 e4 21. Qd2 Rae8
22. c4 dxc4 23. bxc4 Nb6 24. c5 Nd5 25. Rb1 Ra8 26. Qc2 Rfe8 27. Qc4 Kh8 28.
Nc3 Nxc3 29. Qxc3 Reb8 30. Rb3 b5 31. cxb6 Rxb6 32. Rxb6 Qd6 33. f3 exf3 34.
Rxf3 Bxb6 35. Rf2 Rc8 36. Rc2 Bc7 37. Qxc6 Qh2+ 38. Kf1 Rf8+ 39. Rf2 Rxf2+ 40.
Kxf2 Qg3+ 41. Ke2 h6 42. Qe8+ Kh7 43. Bd5 Qh2+ 44. Kd3 1-0

[Event "XVII Open B"]
[Site "Crema ITA"]
[Date "2016.09.02"]
[Round "1"]
[White "Bongiorni, Gabriele"]
[Black "Gorini, Michele"]
[WhiteElo "1795"]
[BlackElo "1604"]
[Result "1/2-1/2"]
[PlyCount "105"]
[EventDate "2016.09.02"]

1. c4 b6 2. g3 Bb7 3. Nf3 Nf6 4. Bg2 c5 5. O-O g6 6. Nc3 Bg7 7. d3 O-O 8. e4
Nc6 9. h3 d6 10. Be3 Re8 11. Qd2 Nd7 12. Nh4 e6 13. f4 Nd4 14. Kh2 f5 15. Rae1
Rb8 16. Bxd4 Bxd4 17. Nb5 Nf8 18. Nxd4 cxd4 19. exf5 exf5 20. Rxe8 Qxe8 21. Re1
Qf7 22. Nf3 Qf6 23. Qe2 d5 24. Qe7 Qxe7 25. Rxe7 dxc4 26. dxc4 d3 27. Nd2 Bxg2
28. Kxg2 Rd8 29. Rxa7 Re8 30. Kf1 Re2 31. Nf3 Rxb2 32. Ke1 Ne6 33. Ra8+ Kg7 34.
Ra7+ Kf6 35. a4 h6 36. Rd7 Nc5 37. Rd6+ Kg7 38. Ne5 d2+ 39. Rxd2 Rxd2 40. Kxd2
Nxa4 41. Nd7 Kf7 42. Kc2 Ke7 43. Ne5 g5 44. fxg5 hxg5 45. Nf3 Kf6 46. Kb3 Nc5+
47. Kb4 Ne4 48. g4 fxg4 49. hxg4 Nd6 50. Kc3 Ne4+ 51. Kd4 Nf2 52. Ne5 Ke6 53.
Nf3 1/2-1/2

[Event "XVII Open B"]
[Site "Crema ITA"]
[Date "2016.09.02"]
[Round "1"]
[White "Bonoldi, Fabio"]
[Black "Vargiu, Antonio"]
[WhiteElo "1838"]
[BlackElo "1654"]
[Result "1/2-1/2"]
[PlyCount "99"]
[EventDate "2016.09.02"]

1. c4 e6 2. g3 d5 3. Bg2 c6 4. cxd5 exd5 5. d4 Bd6 6. Nf3 Nf6 7. Nc3 Nbd7 8.
O-O O-O 9. a3 Re8 10. b4 Ne4 11. Nxe4 dxe4 12. Nd2 Nf6 13. Nc4 Bc7 14. Bb2 Be6
15. Qc2 Qc8 16. Rfd1 Bh3 17. Bh1 Qe6 18. Ne3 Rac8 19. Rac1 Nd5 20. Nxd5 cxd5
21. Qd2 Qg6 22. Rc3 Bd6 23. Rdc1 Rc4 24. Rxc4 e3 25. Qe1 exf2+ 26. Qxf2 dxc4
27. Bxb7 Qe6 28. Bf3 Rc8 29. d5 Qe7 30. e4 a5 31. Qd4 f6 32. Bc3 axb4 33. Bxb4
Bxb4 34. axb4 Qxb4 35. Kf2 Bd7 36. Qc3 Qb3 37. Qxb3 cxb3 38. Rxc8+ Bxc8 39. Bd1
b2 40. Bc2 Ba6 41. Bb1 Kf8 42. Ke3 Ke7 43. Kd2 h6 44. Kc3 Kd6 45. Kxb2 Ke5 46.
Kc3 f5 47. exf5 Kxd5 48. Bd3 Bxd3 49. Kxd3 Ke5 50. Ke3 1/2-1/2

[Event "XVII Open B"]
[Site "Crema ITA"]
[Date "2016.09.02"]
[Round "1"]
[White "Borboni, Paolo"]
[Black "Maraschi, Alberto"]
[WhiteElo "1729"]
[BlackElo "1311"]
[Result "1-0"]
[PlyCount "107"]
[EventDate "2016.09.02"]

1. d4 c6 2. c4 d5 3. Nc3 Nf6 4. cxd5 Nxd5 5. e4 Nxc3 6. bxc3 g6 7. Bc4 Bg7 8.
Ne2 b5 9. Bd3 Bg4 10. f3 Be6 11. Be3 Bc4 12. Bxc4 bxc4 13. Qa4 O-O 14. Qxc4 e6
15. h4 Qe8 16. h5 a5 17. hxg6 hxg6 18. O-O-O Qc8 19. Bh6 Rd8 20. Bxg7 Kxg7 21.
d5 Nd7 22. Qxc6 exd5 23. Qxc8 Raxc8 24. Rxd5 a4 25. Rhd1 Rc7 26. Kc2 Kf6 27.
e5+ Ke7 28. f4 Rb8 29. Rb1 Nb6 30. Rdb5 Rc6 31. Nd4 Rxc3+ 32. Kxc3 Rc8+ 33. Kd3
Nd7 34. Rb7 Kd8 35. Rxd7+ Kxd7 36. Rb7+ Ke8 37. Ra7 Rc1 38. Rxa4 Rg1 39. Ra7
Rxg2 40. Ke4 Kf8 41. Ra8+ Kg7 42. Ra7 Kg8 43. a4 Rg4 44. Kf3 Rh4 45. a5 g5 46.
Ne2 gxf4 47. Nxf4 Rh6 48. Nd5 Re6 49. Kf4 Kg7 50. Kf5 Rc6 51. a6 Rc5 52. Ke4
Kg6 53. Rb7 Ra5 54. a7 1-0

[Event "XVII Open B"]
[Site "Crema ITA"]
[Date "2016.09.02"]
[Round "1"]
[White "Casartelli, Fabio"]
[Black "Pinna, Ferdinando"]
[WhiteElo "1702"]
[BlackElo "1894"]
[Result "0-1"]
[PlyCount "148"]
[EventDate "2016.09.02"]

1. d4 g6 2. Nf3 Bg7 3. g3 Nf6 4. Bg2 d6 5. O-O O-O 6. c4 c6 7. Nc3 Qa5 8. e4
Bg4 9. h3 Bxf3 10. Qxf3 Nfd7 11. Be3 Nb6 12. Qe2 Qb4 13. a3 Qxc4 14. Rac1 Qxe2
15. Nxe2 N8d7 16. b4 Rfc8 17. h4 d5 18. e5 e6 19. h5 Nc4 20. hxg6 hxg6 21. Rc3
b6 22. Rfc1 c5 23. Rxc4 dxc4 24. Bxa8 Rxa8 25. bxc5 bxc5 26. dxc5 Nxe5 27. Bf4
Rc8 28. Bxe5 Bxe5 29. Rxc4 Rc6 30. Nc3 Bxc3 31. Rxc3 Kg7 32. Kf1 Kf6 33. Rf3+
Ke7 34. Rc3 e5 35. Ke2 Ke6 36. Ke3 Kd5 37. Rd3+ Ke6 38. Rc3 f6 39. f4 Kd5 40.
fxe5 Kxe5 41. Rc4 a5 42. Kd3 Kd5 43. Rg4 f5 44. Ra4 Rxc5 45. g4 Ke5 46. gxf5
Kxf5 47. Ke3 Kg5 48. Kf3 Kh5 49. Kg3 g5 50. Kg2 g4 51. Kg3 Rb5 52. Kg2 Kh4 53.
Rc4 Rb2+ 54. Kg1 Rb3 55. Rc2 Rxa3 56. Rh2+ Kg5 57. Rh8 Ra2 58. Rc8 a4 59. Rc5+
Kh4 60. Rc3 g3 61. Rc8 Kg4 62. Rg8+ Kf3 63. Rf8+ Ke3 64. Rg8 g2 65. Re8+ Kd3
66. Rd8+ Kc3 67. Rc8+ Kb3 68. Rb8+ Ka3 69. Rg8 Rb2 70. Rg4 Kb3 71. Rg3+ Ka2 72.
Rg4 a3 73. Rg3 Rc2 74. Re3 Kb2 0-1

[Event "XVII Open B"]
[Site "Crema ITA"]
[Date "2016.09.02"]
[Round "1"]
[White "De Palma, Fabrizio"]
[Black "Forti, Francesco"]
[WhiteElo "1994"]
[BlackElo "1704"]
[Result "1-0"]
[PlyCount "55"]
[EventDate "2016.09.02"]

1. c4 g6 2. d4 Nf6 3. Nc3 c5 4. d5 e6 5. Nf3 exd5 6. cxd5 d6 7. h3 Bg7 8. e4
O-O 9. Bd3 Re8 10. O-O Nbd7 11. Bf4 Qb6 12. Qc2 a6 13. a4 Qc7 14. a5 Rb8 15.
Nd2 Ne5 16. Bxe5 Rxe5 17. Nc4 Rg5 18. f4 Rh5 19. e5 dxe5 20. fxe5 Nd7 21. e6
fxe6 22. Bxg6 hxg6 23. Qxg6 Rh6 24. Qf7+ Kh8 25. dxe6 Rxh3 26. Rf4 Rh7 27. Qe8+
Bf8 28. Rxf8+ 1-0

[Event "XVII Open B"]
[Site "Crema ITA"]
[Date "2016.09.02"]
[Round "1"]
[White "Ferrari, Paolo"]
[Black "Colonetti, Fabio"]
[WhiteElo "1690"]
[BlackElo "1848"]
[Result "0-1"]
[PlyCount "72"]
[EventDate "2016.09.02"]

1. d4 d5 2. Nf3 Nf6 3. c4 e6 4. Nc3 c6 5. Bg5 h6 6. Bh4 Be7 7. e3 Nbd7 8. Qc2
O-O 9. cxd5 exd5 10. Bd3 Re8 11. O-O Ne4 12. Bxe7 Qxe7 13. Bxe4 dxe4 14. Nd2 f5
15. Rab1 Qg5 16. b4 Kh8 17. b5 Re6 18. Ne2 Nb6 19. Nf4 Rf6 20. f3 Nd5 21. Nxd5
cxd5 22. f4 Qg4 23. Qd1 Qh4 24. Qe2 Bd7 25. Rfc1 Rb6 26. Rc7 Rd8 27. a4 a6 28.
bxa6 Rxb1+ 29. Nxb1 bxa6 30. g3 Qf6 31. Ra7 Qb6 32. Rxa6 Qxb1+ 33. Kg2 Rb8 34.
Kh3 Qd3 35. Rxh6+ gxh6 36. Qh5 Qa6 0-1

[Event "XVII Open B"]
[Site "Crema ITA"]
[Date "2016.09.02"]
[Round "1"]
[White "Magnani, Carlo"]
[Black "Folcini, Gaddo"]
[WhiteElo "1774"]
[BlackElo "1570"]
[Result "1-0"]
[PlyCount "59"]
[EventDate "2016.09.02"]

1. e4 e5 2. Nf3 d5 3. Nxe5 Nf6 4. d4 dxe4 5. Bc4 Be6 6. Bxe6 fxe6 7. Bg5 Nbd7
8. Nd2 h6 9. Nxd7 hxg5 10. Nxf6+ Qxf6 11. Nxe4 Qg6 12. Qe2 O-O-O 13. O-O-O Be7
14. h3 Rd5 15. Rhe1 Bb4 16. c3 Be7 17. Nd2 e5 18. Qg4+ Kb8 19. Rxe5 Rxe5 20.
dxe5 Rh4 21. Qd7 Qf7 22. Nf3 Rh8 23. Qd4 Qf4+ 24. Qd2 Qe4 25. Qd7 Qf4+ 26. Kb1
Qe4+ 27. Ka1 Qe2 28. Qd2 Qe4 29. Nxg5 Qxe5 30. Nf7 1-0

[Event "XVII Open B"]
[Site "Crema ITA"]
[Date "2016.09.02"]
[Round "1"]
[White "Mapelli, Davide"]
[Black "Galli, Fabrizio"]
[WhiteElo "1735"]
[BlackElo "1435"]
[Result "1-0"]
[PlyCount "71"]
[EventDate "2016.09.02"]

1. e4 c5 2. Nc3 d6 3. Bb5+ Bd7 4. Bxd7+ Nxd7 5. f4 e6 6. Nf3 Be7 7. O-O Ngf6 8.
d3 O-O 9. Qe1 a6 10. Qg3 Ne8 11. f5 Bf6 12. Kh1 g6 13. Bh6 Bg7 14. Qh3 Ndf6 15.
fxe6 Bxh6 16. exf7+ Rxf7 17. Qxh6 Ng4 18. Qg5 Qxg5 19. Nxg5 Rxf1+ 20. Rxf1 h6
21. Ne6 Ng7 22. Nxg7 Kxg7 23. Nd5 h5 24. h3 Nh6 25. Nc7 Rc8 26. Ne6+ Kh7 27.
Rf6 Rc6 28. Nf8+ Kg7 29. Rxg6+ Kxf8 30. Rxh6 d5 31. Rxc6 bxc6 32. exd5 cxd5 33.
Kh2 Kg7 34. Kg3 Kf6 35. Kf4 d4 36. g4 1-0

[Event "XVII Open B"]
[Site "Crema ITA"]
[Date "2016.09.02"]
[Round "1"]
[White "Oteri, Aldo"]
[Black "Lussetti, Jacopo"]
[WhiteElo "1803"]
[BlackElo "1632"]
[Result "0-1"]
[PlyCount "108"]
[EventDate "2016.09.02"]

1. e4 e5 2. Nf3 Nc6 3. Bb5 a6 4. Ba4 Nf6 5. d4 exd4 6. O-O Bc5 7. e5 Nd5 8. Bb3
Nde7 9. Ng5 Nxe5 10. Re1 f6 11. Rxe5 d5 12. Bxd5 fxe5 13. Bf7+ Kf8 14. Qf3 Nf5
15. Ne6+ Bxe6 16. Bxe6 c6 17. Qxf5+ Qf6 18. Bg5 Qxf5 19. Bxf5 Be7 20. Bxe7+
Kxe7 21. Nd2 Raf8 22. Be4 h6 23. Re1 Kf6 24. Nb3 Rc8 25. a4 b6 26. a5 Rb8 27.
Bxc6 Rhc8 28. Be4 bxa5 29. Ra1 a4 30. Rxa4 Rxb3 31. Rxa6+ Ke7 32. Ra7+ Kf8 33.
g3 Rxb2 34. Ra5 Re8 35. Bg6 Re6 36. Ra8+ Ke7 37. Re8+ Kf6 38. Rxe6+ Kxe6 39.
Be4 Kd6 40. Kf1 Kc5 41. Ke2 Kb4 42. Kd3 Ra2 43. Bd5 Ra3+ 44. Bb3 Ra5 45. h4 Rc5
46. f3 Rc3+ 47. Ke2 d3+ 48. Kd2 e4 49. fxe4 dxc2 50. Bxc2 Rxg3 51. h5 Kc4 52.
Bb1 Kd4 53. Ke2 Rh3 54. e5 Rxh5 0-1

[Event "XVII Open B"]
[Site "Crema ITA"]
[Date "2016.09.02"]
[Round "1"]
[White "Paniga, Danilo"]
[Black "Haller, Quentin"]
[WhiteElo "1764"]
[BlackElo "1561"]
[Result "1-0"]
[PlyCount "79"]
[EventDate "2016.09.02"]

1. Nf3 c5 2. g3 d5 3. Bg2 Nc6 4. O-O e5 5. b3 Bd6 6. Bb2 f6 7. d3 Nge7 8. Nbd2
O-O 9. c4 d4 10. Ne4 Bf5 11. Nxd6 Qxd6 12. Nd2 Rae8 13. Ne4 Bxe4 14. Bxe4 f5
15. Bg2 Nc8 16. Bc1 e4 17. Bf4 Qg6 18. a3 a5 19. Qc2 Nd6 20. e3 Ne5 21. dxe4
fxe4 22. exd4 cxd4 23. Rfe1 Rxf4 24. gxf4 d3 25. Qc3 Nf3+ 26. Kh1 Nxe1 27. Rxe1
Qf6 28. Qxf6 gxf6 29. c5 Nb5 30. Rxe4 Rxe4 31. Bxe4 d2 32. Bf3 Nc3 33. b4 axb4
34. axb4 d1=Q+ 35. Bxd1 Nxd1 36. b5 Kf7 37. c6 bxc6 38. b6 Nxf2+ 39. Kg2 Ne4
40. b7 1-0

[Event "XVII Open B"]
[Site "Crema ITA"]
[Date "2016.09.02"]
[Round "1"]
[White "Peloni, Davide"]
[Black "Battagin, Mose'"]
[WhiteElo "1587"]
[BlackElo "1788"]
[Result "0-1"]
[PlyCount "84"]
[EventDate "2016.09.02"]

1. e4 c5 2. Nc3 Nc6 3. f4 g6 4. Nf3 Bg7 5. Bc4 d6 6. O-O Nf6 7. d3 O-O 8. Qe1
Bg4 9. Be3 Bxf3 10. Rxf3 Ng4 11. Kh1 Nxe3 12. Rxe3 Nd4 13. Qf2 b5 14. Bd5 Rb8
15. a3 e6 16. Ba2 a5 17. Nd1 b4 18. c3 bxc3 19. bxc3 Nb5 20. Rc1 Nxa3 21. Qd2
Nb5 22. Re2 a4 23. e5 d5 24. d4 c4 25. Re3 Na7 26. Qc2 Qa5 27. Nb2 Nc6 28. Ra1
a3 29. Nd1 Rb6 30. Qc1 Rfb8 31. Re2 Qa7 32. g3 Kf8 33. Rf2 Qb7 34. Qc2 Na5 35.
Kg1 Nb3 36. Rb1 Qa7 37. Kg2 R8b7 38. Kh1 Qb8 39. Rg2 Nxd4 40. cxd4 Rxb1 41.
Bxb1 Rxb1 42. Rg1 Qb3 0-1

[Event "XVII Open B"]
[Site "Crema ITA"]
[Date "2016.09.02"]
[Round "1"]
[White "Piana, Bruno"]
[Black "Andolfatto, Maria"]
[WhiteElo "1563"]
[BlackElo "1772"]
[Result "0-1"]
[PlyCount "98"]
[EventDate "2016.09.02"]

1. e4 c6 2. d4 d5 3. e5 Bf5 4. Nf3 e6 5. c3 c5 6. Be2 Nc6 7. O-O Nge7 8. Be3
cxd4 9. cxd4 Bg6 10. Qb3 Qd7 11. Nc3 Nf5 12. Rac1 Be7 13. Rfe1 O-O 14. Bb5 Rfc8
15. Bd2 Bh5 16. Ne2 a6 17. Nf4 Bxf3 18. Bxc6 bxc6 19. Qxf3 c5 20. dxc5 Bxc5 21.
Qg4 Qd8 22. Nd3 Bf8 23. Kh1 Qb6 24. Qf4 Qb5 25. Qf3 Nd4 26. Qh3 Qa4 27. Qg4 Rc4
28. Rxc4 Qxc4 29. Nc1 Nb5 30. Qxc4 dxc4 31. Ne2 Rd8 32. Be3 Bb4 33. Rc1 c3 34.
bxc3 Nxc3 35. Nxc3 Bxc3 36. f4 Ba5 37. h3 h6 38. Kh2 Rd3 39. Bg1 Bd2 40. Rc4
Ra3 41. Rc8+ Kh7 42. Rc4 Rxa2 43. Kg3 Be1+ 44. Kh2 a5 45. Rc7 Kg6 46. Rc6 a4
47. Bd4 Ra3 48. Rc2 Bg3+ 49. Kh1 Bxf4 0-1

[Event "XVII Open B"]
[Site "Crema ITA"]
[Date "2016.09.02"]
[Round "1"]
[White "Pisani, Valerio"]
[Black "Cremonese, Giuseppina"]
[WhiteElo "1710"]
[BlackElo "1156"]
[Result "1-0"]
[PlyCount "63"]
[EventDate "2016.09.02"]

1. e4 e5 2. Nf3 Nc6 3. Bb5 Bc5 4. d3 Nf6 5. O-O Nd4 6. Nxd4 exd4 7. e5 Nd5 8.
Qg4 O-O 9. Bh6 g6 10. Bxf8 Qxf8 11. Bxd7 f5 12. exf6 Nxf6 13. Qe6+ Kg7 14. Bxc8
Rxc8 15. Qe2 h5 16. Nd2 Qd6 17. Nf3 Qf4 18. Qe5 Qf5 19. Qxf5 gxf5 20. Rfe1 Rh8
21. Re5 Bd6 22. Rxf5 h4 23. h3 Re8 24. Re1 Rc8 25. Re6 Nh7 26. Nxh4 Nf8 27. Re4
c5 28. Rg4+ Kh8 29. Rh5+ Nh7 30. Ng6+ Kg7 31. Ne7+ Kh8 32. Nxc8 1-0

[Event "XVII Open B"]
[Site "Crema ITA"]
[Date "2016.09.02"]
[Round "1"]
[White "Raimondi, Celso"]
[Black "Marzatico, Luca"]
[WhiteElo "1623"]
[BlackElo "1802"]
[Result "0-1"]
[PlyCount "68"]
[EventDate "2016.09.02"]

1. d4 d5 2. c4 c6 3. Nc3 Nf6 4. Nf3 e6 5. Bg5 Nbd7 6. e3 Qa5 7. cxd5 Nxd5 8.
Qc2 Bb4 9. Rc1 Qxa2 10. Bd3 Bxc3+ 11. bxc3 Qxc2 12. Rxc2 b5 13. e4 N5b6 14. Ra2
a5 15. Ke2 Bb7 16. Be3 O-O 17. h4 f5 18. e5 Nd5 19. Bd2 N7b6 20. Ng5 Bc8 21. f4
Bd7 22. Kf3 Ra7 23. g4 h6 24. Nh3 fxg4+ 25. Kxg4 Ne7 26. h5 a4 27. Nf2 Nf5 28.
Ne4 Nd5 29. Kf3 b4 30. cxb4 Nxd4+ 31. Kg4 Nb3 32. Bc4 Nxd2 33. Bxd5 exd5+ 34.
e6 Bxe6+ 0-1

[Event "XVII Open B"]
[Site "Crema ITA"]
[Date "2016.09.02"]
[Round "1"]
[White "Righini, Giovanni"]
[Black "Caccia, Mathias"]
[WhiteElo "1850"]
[BlackElo "1698"]
[Result "0-1"]
[PlyCount "64"]
[EventDate "2016.09.02"]

1. e4 e5 2. Nf3 Nc6 3. Bc4 Bc5 4. Nc3 Nf6 5. d3 h6 6. Nd5 O-O 7. c3 Re8 8. b4
Bf8 9. Qb3 d6 10. h3 Be6 11. O-O Nb8 12. Re1 c6 13. Ne3 g6 14. a4 Bxc4 15. Qxc4
d5 16. exd5 cxd5 17. Qb5 Qd7 18. Nc2 a6 19. Qxd7 Nbxd7 20. Be3 Rac8 21. Bd2 Kg7
22. b5 a5 23. Na3 b6 24. c4 Bxa3 25. Rxa3 dxc4 26. dxc4 Rxc4 27. Be3 Ne4 28.
Rd1 Ndc5 29. Rd5 f6 30. Nd2 Nxd2 31. Bxc5 Rc1+ 32. Kh2 Nf1+ 0-1

[Event "XVII Open B"]
[Site "Crema ITA"]
[Date "2016.09.02"]
[Round "1"]
[White "Silini, Bruno"]
[Black "Tagliaferri, Valerio"]
[WhiteElo "1572"]
[BlackElo "1785"]
[Result "0-1"]
[PlyCount "116"]
[EventDate "2016.09.02"]

1. e4 b6 2. d4 Bb7 3. Nd2 Nf6 4. e5 Ne4 5. Ngf3 e6 6. Nxe4 Bxe4 7. Bd3 Bb7 8.
Qe2 c5 9. Bc4 Nc6 10. d5 exd5 11. Bxd5 Be7 12. c4 h6 13. b3 Qc8 14. Bb2 Nd8 15.
Rd1 Bc6 16. b4 cxb4 17. Nd4 Ne6 18. Qg4 Rg8 19. O-O Qb7 20. Bxc6 dxc6 21. Nxe6
fxe6 22. Qg6+ Kf8 23. Rd3 Bf6 24. Rfd1 Qf7 25. Qxf7+ Kxf7 26. exf6 gxf6 27.
Rd7+ Kg6 28. R1d6 Kf5 29. Rf7 Rad8 30. Rxf6+ Kg5 31. Rfxe6 Rge8 32. h4+ Kxh4
33. Rxh6+ Kg5 34. Rdg6+ Kf5 35. g4+ Kf4 36. Rd6 Kf3 37. Rxd8 Rxd8 38. g5 Rd1+
39. Kh2 Rd2 40. Rf6+ Kg4 41. Kg2 Rxb2 42. g6 Kg5 43. Rxc6 Kh6 44. Kg3 Rxa2 45.
c5 b5 46. Rd6 Rc2 47. Rd4 Rxc5 48. Rxb4 Kxg6 49. Kf3 a5 50. Rb1 a4 51. Ke3 a3
52. Kd4 a2 53. Ra1 Rc2 54. f4 b4 55. Kd3 b3 56. Rg1+ Kf5 57. Ke3 b2 58. Rg5+
Kf6 0-1

[Event "XVII Open B"]
[Site "Crema ITA"]
[Date "2016.09.02"]
[Round "1"]
[White "Simeone, Giulio Maria"]
[Black "Colombo, Luca"]
[WhiteElo "1641"]
[BlackElo "1803"]
[Result "1-0"]
[PlyCount "99"]
[EventDate "2016.09.02"]

1. e4 c5 2. Nc3 Nc6 3. f4 e6 4. Bc4 a6 5. a4 Qc7 6. d3 g6 7. Nf3 Bg7 8. O-O
Nge7 9. Qe1 Nd4 10. Bb3 Nxb3 11. cxb3 O-O 12. Qh4 Nc6 13. f5 Qd8 14. f6 Bxf6
15. Ng5 h5 16. g4 Kg7 17. gxh5 Rh8 18. h6+ Kf8 19. Nxe6+ dxe6 20. Rxf6 Qd4+ 21.
Kh1 Rh7 22. Qf4 Ke7 23. Be3 Qe5 24. Qh4 Ke8 25. Bf4 Qd4 26. Rd1 b6 27. Qg5 Ne7
28. Bc7 Bb7 29. Be5 Qd7 30. d4 cxd4 31. Rxd4 Qc6 32. Rc4 Qd7 33. Rc7 Bxe4+ 34.
Nxe4 Qd1+ 35. Qg1 Qd5 36. Qd4 Qxd4 37. Bxd4 Nd5 38. Rc1 Rxh6 39. Rff1 Ke7 40.
Nc3 Nb4 41. Bxb6 Rah8 42. Bg1 Nd3 43. Rcd1 Ne5 44. Rd2 Ng4 45. b4 Rh3 46. b5
axb5 47. axb5 Nh6 48. Bc5+ Ke8 49. Rfd1 f5 50. Rd8+ 1-0

[Event "XVII Open B"]
[Site "Crema ITA"]
[Date "2016.09.02"]
[Round "1"]
[White "Sparber, Werner"]
[Black "Persico, Lorenzo"]
[WhiteElo "1785"]
[BlackElo "1573"]
[Result "0-1"]
[PlyCount "120"]
[EventDate "2016.09.02"]

1. d4 d5 2. c4 e6 3. Nc3 Nf6 4. e3 Nc6 5. Nf3 g6 6. Be2 Bg7 7. O-O O-O 8. Re1
Re8 9. a3 a5 10. h3 Ne7 11. Bf1 Nd7 12. e4 dxc4 13. Bxc4 Nb6 14. Bb3 Nc6 15.
Be3 Re7 16. d5 Rd7 17. Bxb6 cxb6 18. Qe2 exd5 19. exd5 Re7 20. Qb5 Nd4 21. Nxd4
Bxd4 22. Qc4 Bc5 23. Ne4 Rc7 24. Nxc5 Rxc5 25. Qe2 Bf5 26. g4 Bd7 27. Qf3 Qg5
28. Qe3 Qf6 29. Re2 Re8 30. Qd2 Rxe2 31. Qxe2 Rb5 32. Bc2 Rxb2 33. Rb1 Rxb1+
34. Bxb1 Qa1 35. Qd3 Ba4 36. d6 Bd7 37. Kg2 Qe5 38. Bc2 Bc6+ 39. f3 Qb5 40.
Qxb5 Bxb5 41. Be4 Kf8 42. Bxb7 Ke8 43. Bd5 f6 44. Bg8 h6 45. h4 g5 46. Be6 Bd7
47. Bd5 b5 48. hxg5 hxg5 49. Kf2 b4 50. axb4 axb4 51. Ke2 Bb5+ 52. Kd2 Kd7 53.
Kc2 Kxd6 54. Be4 Bc6 55. Bf5 Bxf3 56. Kb3 Kc5 57. Bd7 Bd5+ 58. Kc2 b3+ 59. Kc3
Kd6 60. Bf5 Be6 0-1

[Event "XVII Open B"]
[Site "Crema ITA"]
[Date "2016.09.02"]
[Round "1"]
[White "Tedoldi, Guido"]
[Black "Esposito, Giuseppe"]
[WhiteElo "1526"]
[BlackElo "1757"]
[Result "1-0"]
[PlyCount "75"]
[EventDate "2016.09.02"]

1. c4 c6 2. d4 d5 3. cxd5 cxd5 4. Nc3 e5 5. Nf3 Nc6 6. e3 Bg4 7. Be2 f6 8. h3
Be6 9. O-O Bd6 10. Bd2 e4 11. Nh2 Qc7 12. f4 a6 13. Rc1 Nge7 14. Bg4 f5 15. Be2
g5 16. Qa4 Kd7 17. a3 h5 18. b4 g4 19. hxg4 hxg4 20. g3 Rh3 21. Nb5 Rah8 22.
Nxc7 Rxh2 23. Nxe6 Kxe6 24. b5 Rxe2 25. Rf2 Rxf2 26. Kxf2 axb5 27. Qxb5 Rh2+
28. Ke1 Rh1+ 29. Ke2 Rh3 30. Be1 Bxf4 31. gxf4 g3 32. Qxb7 Rh2+ 33. Kf1 Kd6 34.
Qb3 Ng6 35. Bb4+ Nxb4 36. Qxb4+ Ke6 37. Rc6+ Kf7 38. Qb7+ 1-0

[Event "XVII Open B"]
[Site "Crema ITA"]
[Date "2016.09.02"]
[Round "1"]
[White "Zucchetti, Gregorio"]
[Black "Acunzo, Domenico"]
[WhiteElo "1389"]
[BlackElo "1730"]
[Result "0-1"]
[PlyCount "94"]
[EventDate "2016.09.02"]

1. Nf3 d5 2. c4 d4 3. e3 dxe3 4. fxe3 Nc6 5. Be2 e6 6. O-O Nf6 7. Nc3 Be7 8.
Ng5 h6 9. Nge4 b6 10. d4 Bb7 11. Rb1 a5 12. b3 Nb8 13. Qc2 Nbd7 14. Bb2 Nxe4
15. Nxe4 Nf6 16. Nxf6+ Bxf6 17. c5 O-O 18. c6 Ba6 19. Bxa6 Rxa6 20. Rfd1 Be7
21. Qc4 Ra8 22. d5 exd5 23. Rxd5 Bd6 24. Be5 Qe7 25. Bf4 Rad8 26. Qd4 Bxf4 27.
exf4 Rxd5 28. Qxd5 Qe3+ 29. Kh1 Qxf4 30. Rd1 Re8 31. h3 Qg3 32. Rf1 Re6 33. Qd7
Qg6 34. Rc1 Re2 35. Rg1 Rc2 36. Qxc7 Rxc6 37. Qd8+ Kh7 38. h4 Rd6 39. Qe8 Rd4
40. g3 Qg4 41. Qc6 Rd2 42. Rg2 Qh3+ 43. Kg1 Rd1+ 44. Kf2 Qf5+ 45. Qf3 Qc2+ 46.
Ke3 Rd3+ 47. Kf4 Rxf3+ 0-1

[Event "XVII Open B"]
[Site "Crema ITA"]
[Date "2016.09.02"]
[Round "2"]
[White "Acunzo, Domenico"]
[Black "De Palma, Fabrizio"]
[WhiteElo "1730"]
[BlackElo "1994"]
[Result "0-1"]
[PlyCount "70"]
[EventDate "2016.09.02"]

1. e4 c5 2. Nf3 d6 3. c3 Nf6 4. d4 Nc6 5. Be2 e6 6. d5 Nb8 7. Bg5 Be7 8. Bxf6
Bxf6 9. O-O O-O 10. Na3 exd5 11. exd5 a6 12. Nc2 Nd7 13. Ne3 Ne5 14. Rc1 b5 15.
Nd2 Ng6 16. Bd3 Bg5 17. Ne4 f5 18. Nxg5 Qxg5 19. Re1 f4 20. Nc2 Nh4 21. Bf1
Nxg2 22. Kh1 Nxe1 23. Nxe1 Bg4 24. f3 Bd7 25. Rc2 Rae8 26. Rg2 Qh4 27. Nc2 Re5
28. Bd3 Bh3 29. Rg1 Bf5 30. b4 Rxd5 31. Ne1 Bxd3 32. Nxd3 c4 33. Qe2 Rxd3 34.
Qe6+ Kh8 35. Rg4 Qf2 0-1

[Event "XVII Open B"]
[Site "Crema ITA"]
[Date "2016.09.02"]
[Round "2"]
[White "Andolfatto, Maria"]
[Black "Tedoldi, Guido"]
[WhiteElo "1772"]
[BlackElo "1526"]
[Result "1-0"]
[PlyCount "93"]
[EventDate "2016.09.02"]

1. Nf3 c5 2. b3 Nc6 3. Bb2 d6 4. c4 e5 5. d3 Nf6 6. g3 Be7 7. Bg2 O-O 8. Nc3
Bg4 9. O-O Rc8 10. Nd5 Nxd5 11. cxd5 Nd4 12. e3 Nb5 13. h3 Bh5 14. Qd2 Bf6 15.
a4 Nc7 16. Nh2 Bg6 17. e4 Na6 18. f4 exf4 19. gxf4 Nb4 20. Rad1 Re8 21. Ng4
Bd4+ 22. Bxd4 cxd4 23. Qxb4 h5 24. Nf2 Rc2 25. Rc1 Re2 26. Rfe1 Rxf2 27. Kxf2
Qh4+ 28. Kg1 Qxf4 29. Qxd4 Re5 30. Qf2 Qg5 31. Rf1 f5 32. Qf4 Qe7 33. d4 Rxe4
34. Bxe4 fxe4 35. Qe3 Qd7 36. Kh2 a6 37. Rg1 Bf5 38. Qg5 g6 39. Qxh5 Qf7 40.
Rcf1 Kf8 41. Qh6+ Ke7 42. Qg5+ Kd7 43. h4 Qxd5 44. Qe3 Qe6 45. Rg5 d5 46. h5
Bg4 47. Rxg6 1-0